LEADER 01382nam1 2200301 i 450 001 VAN00013030 005 20240806100255.81 020 $aIT$b79 4984 100 $a20030212g1979 |0itac50 ba 101 $aita 102 $aIT 105 $a|||| ||||| 200 1 $aˆLa ‰differenza sostanziale fra res nullius e res nullius in bonis e la distinzione delle res pseudo marcianea ... che non ha né capo né coda 210 $aMilano$cGiuffrè$d1979- 215 $av.$d25 cm. 410 1$1001VAN00004546$12001 $aPubblicazioni dell'Istituto di scienze giuridiche, economiche, politiche e sociali dell'Università di Messina 463 \1$1001VAN00030650$12001 $a<>differenza sostanziale fra res nullius e res nullius in bonis e la distinzione delle res pseudo marcianea che non ha né capo né coda 1 606 $aRes $3VANC001274$2FI 606 $aRes nullius$3VANC006940$2FI 606 $aRes nullius in bonis$3VANC006941$2FI 620 $dMilano$3VANL000284 676 $a346$cDiritto privato$v22 700 1$aRobbe$bUbaldo$3VANV009653$0229031 712 $aGiuffrè $3VANV109181$4650 801 $aIT$bSOL$c20251114$gRICA 912 $aVAN00013030 996 $aDifferenza sostanziale fra "res nullius" e "res nullius in bonis" e la distinzione delle "res pseudo marcianea" che non ha né capo né coda$91069343 997 $aUNICAMPANIA